Beginning algebra (رقم التسجيلة. 16470)
[ عرض عادي ]
| 000 -الفاتح | |
|---|---|
| حقل البيانات ثابتة الطول | 00959cam a2200277 a 4500 |
| 001 - رقم الضبط | |
| رقم الضبط | 12454042 |
| 003 - محدد رقم الضبط | |
| رقم الضبط | OSt |
| 005 - وقت وتاريخ اخر تعامل مع التسجيلة | |
| رقم الضبط | 20150408113932.0 |
| 008 - عناصر البيانات ثابتة الطول - معلومات عامة | |
| حقل البيانات ثابتة الطول | 010627s2001 maua 001 0 eng |
| 020 ## - الرقم الدولى المعيارى للكتب | |
| الرقم الدولى المعيارى للكتاب | 9780072316933 |
| 020 ## - الرقم الدولى المعيارى للكتب | |
| الرقم الدولى المعيارى للكتاب | cd 0072423757 |
| 040 ## - مصدر الفهرسة | |
| وكالة الفهرسة الأصلية | mu |
| وكالة النسخ | eng |
| وكالة التعديل | mb |
| 050 00 - رقم طلب مكتبة الكونجرس | |
| رقم التصنيف | QA154.3 |
| رقم المادة | .I58 2001 |
| 082 00 - رقم تصنيف ديوى العشرى | |
| رقم التصنيف | 512.9 |
| رقم الطبعة | 21 |
| 245 10 - بيان العنوان | |
| العنوان | Beginning algebra |
| 250 ## - بيان الطبعة | |
| بيان الطبعة | Ed. 4 / |
| بقية بيان الطبعة | James Streeter ... [et al.]. |
| 260 ## - PUBLICATION, DISTRIBUTION, ETC. (IMPRINT) | |
| مكان الناشر او الموزع | Boston : |
| اسم الناشر او الموزع | McGraw-Hill, |
| تاريخ النشر أو التوزيع | c2001. |
| 300 ## - الوصف المادى | |
| التعداد | 1 v. (various pagings) : |
| تفاصيل ماديه اخرى للوعاء | ill. (some col.) ; |
| أبعاد الوعاء | 28 cm. + |
| المادة المصاحبة | 1 computer laser optical disc (4 3/4 in.) |
| 500 ## - تبصرة عامة | |
| تبصرة عامة | Rev. ed. of: Intermediate algebra / James Streeter. 3rd ed. c1998. |
| 500 ## - تبصرة عامة | |
| تبصرة عامة | Includes index. |
| 650 #0 - المدخل الاضافى بالموضوع-مصطلح موضوعى | |
| مصطلح موضوعي أو اسم جغرافي كعنصر مدخل | Algebra. |
| 9 (RLIN) | 4578 |
| 700 1# - المدخل الاضافى - اسم شخصى | |
| الإسم الشخصى | Streeter, James |
| الشكل الأكمل للاسم | (James A.) |
| 9 (RLIN) | 4681 |
| 700 1# - المدخل الاضافى - اسم شخصى | |
| الإسم الشخصى | Streeter, James |
| الشكل الأكمل للاسم | (James A.). |
| عنوان العمل | Intermediate algebra. |
| 9 (RLIN) | 4682 |
| 942 ## - عناصر المدخل الإضافي( كوها) | |
| مصدر التصنيف او مخطط الترفيف | Dewey Decimal Classification |
| Koha [default] item type | كتاب |
| حالة الفقد | نموذج السعر الفعال | حالة تلف | ليس للاعارة | رقم الطلب | تاريخ الاكتساب | الموقع الحالي | الباركود | الفرع الرئيسي | Date last seen | نوع المادة فى نظام كوها | مصدر التصنيف او خطة الترفيف | Total Checkouts |
|---|---|---|---|---|---|---|---|---|---|---|---|---|
| 2013-03-10 | 512.9 B E A | 2011-10-26 | المكتبة المركزية بالمجمعة (CL) | 00047927 | المكتبة المركزية بالمجمعة (CL) | 2013-03-10 | كتاب | Dewey Decimal Classification | ||||
| 2013-03-10 | 512.9 B E A | 2011-10-26 | المكتبة المركزية بالمجمعة (CL) | 00047928 | المكتبة المركزية بالمجمعة (CL) | 2013-03-10 | كتاب | Dewey Decimal Classification | ||||
| 2013-03-10 | 512.9 B E A | 2011-10-26 | المكتبة المركزية بالمجمعة (CL) | 00047929 | المكتبة المركزية بالمجمعة (CL) | 2013-03-10 | كتاب | Dewey Decimal Classification |
